| 000 | 01120nas a2200349 4500 | ||
|---|---|---|---|
| 001 | BR0502237 | ||
| 003 | BR-BrBNA | ||
| 005 | 20231205105342.0 | ||
| 007 | ta | ||
| 008 | 230509b bl.|||p| |||| 00| 00por d | ||
| 040 |
_aBR-BrBNA _bpor _cBiblioteca Nacional de Agricultura |
||
| 041 | _a(Pt) | ||
| 072 | _aQ04 | ||
| 100 | 1 | _aAgostini-Costa, T. da S. | |
| 100 | 1 | _aJales, K.A. | |
| 100 | 1 | _aGarruti, D. dos S. | |
| 100 | 1 | _aPadilha, V.A. | |
| 100 | 1 | _aLima, J.B. de | |
| 100 | 1 | _aAguiar, M. de J. | |
| 100 | 1 | _aPaiva, J.R. de | |
| 245 | 1 | _aTeores de ácido anacárdico em pedúnculos de cajueiro Anacardium microcarpum e em oito clones de Anacardium occidentale var. Nanum disponíveis no Nordeste do Brasil | |
| 650 | _aCAJU | ||
| 650 | _aANACARDIUM OCCIDENTALE | ||
| 650 | _aCLONE | ||
| 650 | _aCOMPOSTO FENÓLICO | ||
| 650 | _aANÁLISE ORGANOLÉPTICA | ||
| 650 | _aPROPRIEDADE FÍSICO-QUÍMICA | ||
| 650 | _aCEARÁ | ||
| 773 | 0 |
_tCiência Rural (Brazil) _xISSN 0103-8478 _g(Jul-Aug 2004), v. 34(4) p. 1075-1080 _wBR0502237 |
|
| 909 |
_a202311 _bLúcia _c55 _dLúcia Elande |
||
| 942 |
_2AGRIS _n0 _cANA |
||
| 999 |
_c182517 _d182517 |
||